00218nam a2200097Ia 4500008004100000100000900041245002900050260001700079942000700096999001700103190216s9999||||xx |||||||||||||| ||und|| aNull 0aHindi-Bharath Ka Ithihas bMcgraw -hill cBK c17192d17192